00618 a2200157 45000010006000000050017000060080041000230030015000640400040000790800093001192450081002122640036002933000019003290410008003481000104003566285420260407155922.0260407a1981 arg spa dAR-UNSa-BCEJYS aAR-UNSa-BCEJYSbspacAR-UNSa-BCEJYS a339.92xCooperación económica internacional. Integración económica internacional10aLa convergencia regionalpCooperación entre la Argentina y el Grupo Andino 1aBuenos Aires :bBID-INTALc1981 a356 p.c28 cm. aspa1 aBanco Interamericano de Desarrollo. Instituto para la Integración de América Latina (BID-INTAL)